00728nam a2200241 a 4500001001300000003000900013005001700022008004100039020001000080082001700090100002300107245004100130260005900171300000800230500003500238505001600273650002700289700002300316902000800339942000700347952011700354999001500471nice12345678IN_TiNIC20260116011446.0050524s0000 woka grp 000 0 eng  ac10000a297.293bKAM aKamaluddin, Khwaja aHints to the Study of the Holy Quran aWokingbWoking Muslim Mission and Literary Trustc0000 a37p aincludes index and biblioraphy2 aArabic-Urdu aIslam-Apologetic Works1 aKamaluddin, Khwaja bSRS cBK 001040708StackRoom-aHMIbHMId2007-07-23g100.00l0o297.293 KAMp00131r2007-07-23v100.00w2005-05-24yBK c1726d1726